Ảnh hưởng của vi sinh vật cố định đạm và hòa tan lân trên năng suất khoai lang (Ipomoea batatas) và khoai mỡ (Dioscorea alata L.) trên đất phèn : Luận văn tốt nghiệp Cao học. Chuyên ngành Khoa học cây trồng

Đề tài nghiên cứu nhằm tìm ra chủng vi khuẩn cố định đạm và hòa tan lân thúc đẩy sự sinh trưởng, năng suất của khoai lang và khoai mỡ, đồng thời xác định lượng bón của phân đạm và lân kết hợp....

وصف كامل

محفوظ في:
التفاصيل البيبلوغرافية
المؤلف الرئيسي: Nguyễn, Minh Hùng
التنسيق: كتاب
اللغة:Undetermined
منشور في: Cần Thơ Trường Đại học Cần Thơ 2017
الموضوعات:
الوسوم: إضافة وسم
لا توجد وسوم, كن أول من يضع وسما على هذه التسجيلة!
Thư viện lưu trữ: Trung tâm Học liệu Trường Đại học Cần Thơ
LEADER 01239nam a2200217Ia 4500
001 CTU_224477
008 210402s9999 xx 000 0 und d
082 |a 635.22 
082 |b H513 
100 |a Nguyễn, Minh Hùng 
245 0 |a Ảnh hưởng của vi sinh vật cố định đạm và hòa tan lân trên năng suất khoai lang (Ipomoea batatas) và khoai mỡ (Dioscorea alata L.) trên đất phèn : 
245 0 |b Luận văn tốt nghiệp Cao học. Chuyên ngành Khoa học cây trồng 
245 0 |c Nguyễn Minh Hùng ; Ngô Ngọc Hưng, Tất Anh Thư (Cán bộ hướng dẫn) 
260 |a Cần Thơ 
260 |b Trường Đại học Cần Thơ 
260 |c 2017 
520 |a Đề tài nghiên cứu nhằm tìm ra chủng vi khuẩn cố định đạm và hòa tan lân thúc đẩy sự sinh trưởng, năng suất của khoai lang và khoai mỡ, đồng thời xác định lượng bón của phân đạm và lân kết hợp. 
650 |a Sweet potatoes,Khoai lang 
650 |x Breeding,Trồng trọt 
904 |i Hải 
980 |a Trung tâm Học liệu Trường Đại học Cần Thơ